000 00849nam a2200265 4500
003 OSt
005 20260530113848.0
008 260507b |||||||| |||| 00| 0 eng d
020 _a 8425211549
040 _aICI
_bspa
_cICI
041 _aspa
050 _aNK1525
_bM8518
100 1 _aBruno Munari
_d1907-1998,
_930904
245 1 0 _a¿Como nacen los Objetos? Apuntes para una metodología proyectual.
_cBruno Munari ; vers. castellana de Carmen Artal Rodriguez
264 1 _aBarcelona ; |a México, D.F. :
_bGustavo Gili,
_cc1983
300 _a385 páginas
336 _atexto
_2rdacontent
337 _asin medio
_2rdamedia
338 _avolumen
_2rdacarrier
490 _aGG Diseño
500 _a Reimpresiones: (14a, 2011)
650 _aDiseño
_xMetodología
_930905
700 _aArtal, Carmen,
_e traductor
_930906
942 _2lcc
_cBK
_n1
999 _c11349
_d11349